On a Map: World's Busiest Airports Quiz Stats

Quiz Updated Mar 23, 2015

Challenge
Share
Tweet
Score 0/25 Timer 05:00
12 Plays Today
% Correct
JFK
94.9%
London Heathrow
94.5%
LAX
91.9%
Charles de Gaulle
87.7%
O'Hare
82%
Beijing Capital
78.5%
Tokyo International
77.7%
Hartsfield-Jackson
69.5%
DFW
61.5%
Shanghai Pudong
58.3%
Hong Kong International
52%
Dubai International
51.5%
San Francisco
51.1%
% Correct
Frankfurt
50.6%
Singapore Changi
47.7%
Atatürk Airport
44.3%
Schiphol
42.4%
Denver International
39.9%
Suvarnabhumi Airport
39.4%
Incheon International
37.1%
Kuala Lumpur International
34.9%
Soekarno-Hatta
30.9%
Guangzhou Baiyun
26.8%
McCarran
19.5%
Charlotte Douglas
16%

You're not logged in!

Compare scores with friends on all Sporcle quizzes.
Sign Up with Email
OR
Log In

You Might Also Like...

Show Comments

Extras

Top Quizzes Today


Score Distribution

Your Account Isn't Verified!

In order to create a playlist on Sporcle, you need to verify the email address you used during registration. Go to your Sporcle Settings to finish the process.